Don't Hug Me I'm Scared 3 Lyrics (part 2) - Statistics

General Stats
  • This quiz has been taken 48 times
  • The average score is 259 of 329
Answer Stats
Answer % Correct
a
96%
and
96%
And
96%
the
96%
he
93%
He
93%
I
93%
love
93%
love.
93%
on
93%
To
93%
to
93%
ever
89%
in
89%
is
89%
of
89%
we
89%
We
89%
you
89%
You
89%
do
86%
his
86%
His
86%
it
86%
king.
86%
king
86%
my
86%
My
86%
one.
86%
one?
86%
one
86%
so
86%
So
86%
be
82%
boy
82%
Everyone
82%
everyone
82%
has
82%
him
82%
him.
82%
it's
82%
It's
82%
its
82%
me?
82%
me
82%
own
82%
special
82%
story
82%
this
82%
This
82%
town.
82%
underground.
82%
your
82%
Your
82%
Even
79%
gravel
79%
gravel.
79%
her
79%
lived
79%
loneliest
79%
Michael
79%
Michael.
79%
No
79%
no
79%
no.
79%
our
79%
Our
79%
see
79%
that
79%
They
79%
ugliest
79%
will
79%
with
79%
all
75%
called
75%
feed
75%
for
75%
freak
75%
heart
75%
That's
75%
that's
75%
tree
75%
But
71%
but
71%
'cause
71%
go.
71%
he's
71%
He's
71%
hug.
71%
Let
71%
like
71%
Like
71%
made
71%
must
71%
name
71%
not
71%
now
71%
Now
71%
ring.
71%
ring
71%
she's
71%
stick
71%
way.
71%
way
71%
always
68%
another
68%
been.
68%
done.
68%
friend
68%
how
68%
Malcolm.
68%
much.
68%
never
68%
ok.
68%
save
68%
Ugly
68%
worship
68%
am
64%
brain
64%
care.
64%
change
64%
clean
64%
drum
64%
give
64%
goes.
64%
lonely.
64%
pure.
64%
share.
64%
weak.
64%
alone.
61%
beats
61%
big
61%
chance
61%
come.
61%
flower
61%
kind
61%
patient
61%
protected
61%
put
61%
worry.
61%
Yes
61%
You're
61%
crab.
57%
each
57%
forget
57%
grows
57%
grows.
57%
other
57%
pet
57%
true
57%
angry.
54%
maybe
54%
we're
54%
asking
50%
becomes
50%
calling
50%
confused
50%
knew.
50%
or
50%
perfect.
50%
start
50%
wear
50%
find
46%
forever
46%
forever.
46%
hard
46%
anew
43%
about
39%
join
39%
anything
36%
home
32%
Mmm
7%
No matching quizzes found
Score Distribution
Percent of People with Each Score
Percentile by Number Answered
Your Score History
You have not taken this quiz